[Event "Stay Safe Play From Home 263"]
[Site "Emanuel Lasker Arena"]
[Date "2020.06.29"]
[Round "8"]
[White "GIULIO19031975"]
[Black "Tumnik_ad"]
[Result "1-0"]
[WhiteElo "1772"]
[BlackElo "2010"]
[Annotator "NA"]
[PlyCount "119"]
[EventDate "2020.06.29"]
[EventType "swiss (blitz)"]

1. e4 {[%emt 0:00:03]} d6 {[%emt 0:00:01]} 2. Nf3 {[%emt 0:00:00]} c6 {[%emt 0:00:00]} 3. Nc3 {[%emt 0:00:00]} Nd7 {[%emt 0:00:00]} 4. d4 {[%emt 0:00:00]} h6 {[%emt 0:00:00]} 5. Bc4 {[%emt 0:00:01]} g5 {[%emt 0:00:00]} 6. Be3 {[%emt 0:00:01]} Bg7 {[%emt 0:00:00]} 7. Qd2 {[%emt 0:00:00]} Nf8 {[%emt 0:00:01]} 8. O-O-O {[%emt 0:00:03]} Ng6 {[%emt 0:00:01]} 9. Kb1 {[%emt 0:00:01]} Nf6 {[%emt 0:00:01]} 10. h4 {[%emt 0:00:01]} g4 {[%emt 0:00:01]} 11. Nh2 {[%emt 0:00:01]} h5 {[%emt 0:00:00]} 12. f3 {[%emt 0:00:01]} Nxh4 {[%emt 0:00:03]} 13. fxg4 {[%emt 0:00:01]} hxg4 {[%emt 0:00:03]} 14. e5 {[%emt 0:00:01]} dxe5 {[%emt 0:00:07]} 15. Bg5 {[%emt 0:00:01]} Qxd4 {[%emt 0:00:07]} 16. Bxf6 {[%emt 0:00:02]} Qxd2 {[%emt 0:00:07]} 17. Rxd2 {[%emt 0:00:01]} Bxf6 {[%emt 0:00:02]} 18. Ne4 {[%emt 0:00:01]} Be6 {[%emt 0:00:05]} 19. Bxe6 {[%emt 0:00:01]} fxe6 {[%emt 0:00:00]} 20. Nc5 {[%emt 0:00:01]} b6 {[%emt 0:00:03]} 21. Nxe6 {[%emt 0:00:01]} Kf7 {[%emt 0:00:01]} 22. Nc7 {[%emt 0:00:02]} Rad8 {[%emt 0:00:01]} 23. Rxd8 {[%emt 0:00:01]} Rxd8 {[%emt 0:00:00]} 24. g3 {[%emt 0:00:03]} Nf3 {[%emt 0:00:02]} 25. Nxg4 {[%emt 0:00:01]} Rd7 {[%emt 0:00:03]} 26. Na6 {[%emt 0:00:02]} e4 {[%emt 0:00:03]} 27. Nb4 {[%emt 0:00:01]} a5 {[%emt 0:00:02]} 28. Nxc6 {[%emt 0:00:01]} Rd6 {[%emt 0:00:01]} 29. Nb8 {[%emt 0:00:02]} Rd8 {[%emt 0:00:01]} 30. Na6 {[%emt 0:00:01]} Rd6 {[%emt 0:00:00]} 31. Nc7 {[%emt 0:00:01]} Nd2+ {[%emt 0:00:01]} 32. Kc1 {[%emt 0:00:01]} Nc4 {[%emt 0:00:00]} 33. Nb5 {[%emt 0:00:01]} Bg5+ {[%emt 0:00:00]} 34. Kb1 {[%emt 0:00:03]} Rd5 {[%emt 0:00:00]} 35. Nc3 {[%emt 0:00:01]} Nd2+ {[%emt 0:00:00]} 36. Ka1 {[%emt 0:00:01]} Rd7 {[%emt 0:00:00]} 37. Rh7+ {[%emt 0:00:00]} Kg6 {[%emt 0:00:01]} 38. Rh1 {[%emt 0:00:01]} e6 {[%emt 0:00:00]} 39. a3 {[%emt 0:00:00]} Kf7 {[%emt 0:00:00]} 40. Ne5+ {[%emt 0:00:00]} Ke8 {[%emt 0:00:00]} 41. Nxd7 {[%emt 0:00:00]} Kxd7 {[%emt 0:00:00]} 42. Rd1 {[%emt 0:00:00]} Kd6 {[%emt 0:00:00]} 43. Rxd2+ {[%emt 0:00:00]} Kc6 {[%emt 0:00:00]} 44. Nxe4 {[%emt 0:00:00]} b5 {[%emt 0:00:01]} 45. Nxg5 {[%emt 0:00:02]} b4 {[%emt 0:00:00]} 46. axb4 {[%emt 0:00:01]} e5 {[%emt 0:00:00]} 47. b3 {[%emt 0:00:00]} Kb5 {[%emt 0:00:00]} 48. bxa5 {[%emt 0:00:01]} e4 {[%emt 0:00:00]} 49. Kb2 {[%emt 0:00:00]} Ka6 {[%emt 0:00:00]} 50. Nxe4 {[%emt 0:00:01]} Kb7 {[%emt 0:00:01]} 51. g4 {[%emt 0:00:00]} Ka6 {[%emt 0:00:00]} 52. g5 {[%emt 0:00:00]} Ka7 {[%emt 0:00:00]} 53. g6 {[%emt 0:00:00]} Kb7 {[%emt 0:00:00]} 54. g7 {[%emt 0:00:00]} Ka6 {[%emt 0:00:00]} 55. g8=Q {[%emt 0:00:00]} Kb5 {[%emt 0:00:00]} 56. Qc4+ {[%emt 0:00:00]} Kxa5 {[%emt 0:00:01]} 57. Rd5+ {[%emt 0:00:01]} Kb6 {[%emt 0:00:00]} 58. Qb5+ {[%emt 0:00:01]} Ka7 {[%emt 0:00:00]} 59. Rd7+ {[%emt 0:00:00]} Ka8 {[%emt 0:00:00]} 60. Qb7# {[%emt 0:00:00] (Lag: Av=0.94s, max=2.2s)} 1-0

[Event "Stay Safe Play From Home 263"]
[Site "Emanuel Lasker Arena"]
[Date "2020.06.29"]
[Round "9"]
[White "Uber_WING"]
[Black "Bardellosport"]
[Result "1-0"]
[WhiteElo "2462"]
[BlackElo "2036"]
[PlyCount "37"]
[EventDate "2020.06.29"]
[EventType "swiss (blitz)"]

1. e4 {[%emt 0:00:01]} d6 {[%emt 0:00:00]} 2. Nc3 {[%emt 0:00:01]} g6 {[%emt 0:00:00]} 3. g3 {[%emt 0:00:00]} Bg7 {[%emt 0:00:00]} 4. Bg2 {[%emt 0:00:01]} Nd7 {[%emt 0:00:00]} 5. d3 {[%emt 0:00:01]} e5 {[%emt 0:00:00]} 6. Be3 {[%emt 0:00:00]} Ne7 {[%emt 0:00:00]} 7. Qd2 {[%emt 0:00:00]} Nc6 {[%emt 0:00:00]} 8. Bh6 {[%emt 0:00:01]} O-O {[%emt 0:00:00]} 9. h4 {[%emt 0:00:01]} f5 {[%emt 0:00:02]} 10. h5 {[%emt 0:00:01]} Qe7 {[%emt 0:00:00]} 11. Bxg7 {[%emt 0:00:01]} Qxg7 {[%emt 0:00:00]} 12. hxg6 {[%emt 0:00:00]} hxg6 {[%emt 0:00:00]} 13. exf5 {[%emt 0:00:01]} gxf5 {[%emt 0:00:01]} 14. Bd5+ {[%emt 0:00:00]} Rf7 {[%emt 0:00:01]} 15. Nh3 {[%emt 0:00:01]} Nf6 {[%emt 0:00:02]} 16. Bxf7+ {[%emt 0:00:01]} Kxf7 {[%emt 0:00:02]} 17. Ng5+ {[%emt 0:00:00]} Ke7 {[%emt 0:00:01]} 18. O-O-O {[%emt 0:00:01]} Ng4 {[%emt 0:00:01]} 19. Rh7 {[%emt 0:00:02] Bardellosport abbandona (Lag: Av=0.66s, max=1.0s)} 1-0

[Event "Stay Safe Play From Home 263"]
[Site "Emanuel Lasker Arena"]
[Date "2020.06.29"]
[Round "9"]
[White "Broken sword"]
[Black "Mepe_Nika"]
[Result "1-0"]
[WhiteElo "2461"]
[BlackElo "2399"]
[PlyCount "113"]
[EventDate "2020.06.29"]
[EventType "swiss (blitz)"]

1. e4 {[%emt 0:00:01]} e5 {[%emt 0:00:01]} 2. Nf3 {[%emt 0:00:01]} Nc6 {[%emt 0:00:00]} 3. Bb5 {[%emt 0:00:00]} a6 {[%emt 0:00:01]} 4. Bxc6 {[%emt 0:00:00]} dxc6 {[%emt 0:00:00]} 5. O-O {[%emt 0:00:00]} Bd6 {[%emt 0:00:00]} 6. d4 {[%emt 0:00:00]} exd4 {[%emt 0:00:01]} 7. Qxd4 {[%emt 0:00:00]} f6 {[%emt 0:00:01]} 8. b3 {[%emt 0:00:00]} Ne7 {[%emt 0:00:01]} 9. Ba3 {[%emt 0:00:01]} Be6 {[%emt 0:00:03]} 10. Bxd6 {[%emt 0:00:01]} Qxd6 {[%emt 0:00:00]} 11. Qxd6 {[%emt 0:00:01]} cxd6 {[%emt 0:00:00]} 12. Rd1 {[%emt 0:00:00]} O-O-O {[%emt 0:00:01]} 13. c4 {[%emt 0:00:01]} Kc7 {[%emt 0:00:01]} 14. Nc3 {[%emt 0:00:00]} Rd7 {[%emt 0:00:00]} 15. Rac1 {[%emt 0:00:00]} Rhd8 {[%emt 0:00:00]} 16. h3 {[%emt 0:00:00]} h6 {[%emt 0:00:01]} 17. Kf1 {[%emt 0:00:01]} f5 {[%emt 0:00:01]} 18. Re1 {[%emt 0:00:02]} fxe4 {[%emt 0:00:01]} 19. Nxe4 {[%emt 0:00:00]} Bf5 {[%emt 0:00:02]} 20. Nc3 {[%emt 0:00:01]} Ng6 {[%emt 0:00:01]} 21. Rcd1 {[%emt 0:00:02]} b5 {[%emt 0:00:02]} 22. Nd4 {[%emt 0:00:01]} Rf8 {[%emt 0:00:03]} 23. cxb5 {[%emt 0:00:01]} axb5 {[%emt 0:00:01]} 24. Rc1 {[%emt 0:00:00]} Kb6 {[%emt 0:00:02]} 25. a4 {[%emt 0:00:02]} Bd3+ {[%emt 0:00:02]} 26. Kg1 {[%emt 0:00:01]} b4 {[%emt 0:00:01]} 27. Na2 {[%emt 0:00:00]} c5 {[%emt 0:00:01]} 28. Nf3 {[%emt 0:00:02]} Bf5 {[%emt 0:00:02]} 29. Red1 {[%emt 0:00:05]} Bxh3 {[%emt 0:00:02]} 30. Nd2 {[%emt 0:00:01]} Bg4 {[%emt 0:00:01]} 31. f3 {[%emt 0:00:01]} Bf5 {[%emt 0:00:01]} 32. Nc4+ {[%emt 0:00:01]} Kc7 {[%emt 0:00:01]} 33. Ne3 {[%emt 0:00:03]} Be6 {[%emt 0:00:02]} 34. Nxb4 {[%emt 0:00:00]} Bxb3 {[%emt 0:00:02]} 35. Rd2 {[%emt 0:00:00]} Be6 {[%emt 0:00:01]} 36. Nd3 {[%emt 0:00:01]} Ra8 {[%emt 0:00:01]} 37. Ra1 {[%emt 0:00:02]} Kd8 {[%emt 0:00:01]} 38. Rad1 {[%emt 0:00:02]} Bb3 {[%emt 0:00:01]} 39. Rc1 {[%emt 0:00:01]} Bxa4 {[%emt 0:00:00]} 40. Nd5 {[%emt 0:00:01]} Bc6 {[%emt 0:00:01]} 41. Nb6 {[%emt 0:00:01]} Ra3 {[%emt 0:00:01]} 42. Nxd7 {[%emt 0:00:01]} Kxd7 {[%emt 0:00:00]} 43. Nxc5+ {[%emt 0:00:00]} Kc7 {[%emt 0:00:01]} 44. Nd3 {[%emt 0:00:01]} Kd7 {[%emt 0:00:02]} 45. Nb4 {[%emt 0:00:00]} Bb5 {[%emt 0:00:02]} 46. Nd5 {[%emt 0:00:01]} Ne5 {[%emt 0:00:01]} 47. Nb6+ {[%emt 0:00:01]} Ke6 {[%emt 0:00:01]} 48. Nd5 {[%emt 0:00:00]} Bc4 {[%emt 0:00:01]} 49. Nb6 {[%emt 0:00:02]} Bb5 {[%emt 0:00:02]} 50. Nc8 {[%emt 0:00:01]} Kf5 {[%emt 0:00:01]} 51. Nxd6+ {[%emt 0:00:01]} Kf4 {[%emt 0:00:00]} 52. Nxb5 {[%emt 0:00:00]} Rb3 {[%emt 0:00:01]} 53. Nd4 {[%emt 0:00:01]} Rb4 {[%emt 0:00:02]} 54. Ne2+ {[%emt 0:00:01]} Ke3 {[%emt 0:00:01]} 55. Rcd1 {[%emt 0:00:01]} Nxf3+ {[%emt 0:00:00]} 56. gxf3 {[%emt 0:00:01]} Kxf3 {[%emt 0:00:00]} 57. Nd4+ {[%emt 0:00:01] Time (Lag: Av=0.35s, max=0.7s)} 1-0

[Event "Stay Safe Play From Home 263"]
[Site "Emanuel Lasker Arena"]
[Date "2020.06.29"]
[Round "9"]
[White "Praveen prasad"]
[Black "Tolka"]
[Result "0-1"]
[WhiteElo "2241"]
[BlackElo "2332"]
[Annotator "TA"]
[PlyCount "100"]
[EventDate "2020.06.29"]
[EventType "swiss (blitz)"]

{[%evp 13,100,-24,-14,-37,-29,-50,-50,-50,-50,-50,-50,-50,-50,-183,0,0,0,0,0,0,12,0,14,0,4,0,17,-263,35,17,12,-8,0,-10,0,0,0,0,0,0,0,0,0,0,0,0,2,0,0,-20,0,0,65,58,63,55,55,58,65,51,57,68,104,0,70,18,279,272,632,629,592,555,791,679,1121,1015,29970,1251,29980,29980,29982,29983,29983,29983,29984,29985,29985,29986,29984]} 1. e4 d6 2. d4 Nf6 3. c3 e5 4. Bd3 d5 5. dxe5 Nxe4 6. Bxe4 dxe4 7. Qxd8+ Kxd8 8. Bg5+ {B07: Pirc Defence: Miscellaneous Systems.} Be7 9. Bxe7+ Kxe7 10. Nd2 {Black is slightly better.} Nc6 11. Nxe4 Nxe5 12. O-O-O Bf5 {[#]} 13. Ng3 $146 (13. Nf3 $15 Nxf3 14. gxf3) ({Predecessor:} 13. Nf3 Nxf3 14. gxf3 Rhd8 15. b3 Rxd1+ 16. Rxd1 b6 17. Ng3 Be6 18. Ne2 a5 19. Nd4 {0-1 (73) Ruiz Marana,A (2210)-Guerra Bastida,D (2397) Don Benito 2012}) 13... Kf6 $2 {[#]} ({Better is} 13... Nd3+ $19 14. Kd2 Bg6) 14. Nxf5 $11 Kxf5 15. Ne2 Rad8 16. Nd4+ Kf6 17. Kc2 c6 18. b3 Rhe8 19. Rhe1 Ng4 20. f3 $2 {[%mdl 8192]} (20. h3 $11 {and White is okay.} Rxe1 21. Rxe1) 20... Nh6 $2 ({And not} 20... Nxh2 21. b4 $11) (20... Ne3+ $19 21. Rxe3 Rxe3) 21. Rxe8 Rxe8 $14 {[%mdl 4096] Endgame KRN-KRN} 22. Kd2 Nf5 23. Nc2 Rd8+ 24. Ke2 Rxd1 25. Kxd1 $11 {KN-KN} Ke5 26. Ke2 h5 27. g3 h4 28. Kf2 a5 29. Ne1 Kd5 30. Nd3 g5 31. f4 f6 32. fxg5 {[#] Strongly threatening gxh4.} fxg5 (32... hxg3+ $1 $11 33. hxg3 fxg5) 33. gxh4 $14 gxh4 34. Kf3 b5 35. Kg4 Ke4 36. Nc5+ Ke5 37. Nd7+ Ke6 38. Nc5+ Ke5 39. Nb7 (39. Kg5 $14) 39... Ne3+ $2 {[%mdl 8192]} (39... a4 $11 {and Black stays safe.}) 40. Kxh4 $18 Nd1 $2 (40... Nf1 41. Nxa5 Nxh2 42. Nxc6+ Kd6) 41. Nxa5 Nxc3 42. Nxc6+ Ke4 43. Na7 b4 44. Kg5 Nxa2 45. h4 Nc1 46. h5 {White mates.} Nxb3 47. h6 Nd4 48. h7 Ne6+ 49. Kf6 Nf4 50. h8=Q Nd5+ {[%mdl 32768] Accuracy: White = 80%, Black = 54%. . Loss on time!?} 0-1

[Event "Stay Safe Play From Home 263"]
[Site "Emanuel Lasker Arena"]
[Date "2020.06.29"]
[Round "9"]
[White "BrainThinker22"]
[Black "NeatFox"]
[Result "1-0"]
[WhiteElo "2237"]
[BlackElo "1813"]
[Annotator "NA"]
[PlyCount "97"]
[EventDate "2020.06.29"]
[EventType "swiss (blitz)"]

1. e4 {[%emt 0:00:01]} c6 {[%emt 0:00:00]} 2. d4 {[%emt 0:00:01]} d5 {[%emt 0:00:00]} 3. exd5 {[%emt 0:00:00]} cxd5 {[%emt 0:00:00]} 4. c4 {[%emt 0:00:16]} dxc4 {[%emt 0:00:01]} 5. Nf3 {[%emt 0:00:02]} Bd7 {[%emt 0:00:01]} 6. Nc3 {[%emt 0:00:00]} g6 {[%emt 0:00:01]} 7. g3 {[%emt 0:00:08]} Bg7 {[%emt 0:00:01]} 8. Bg2 {[%emt 0:00:01]} Nf6 {[%emt 0:00:01]} 9. O-O {[%emt 0:00:00]} Nc6 {[%emt 0:00:01]} 10. Re1 {[%emt 0:00:01]} e6 {[%emt 0:00:01]} 11. d5 {[%emt 0:00:01]} Nxd5 {[%emt 0:00:01]} 12. Nxd5 {[%emt 0:00:01]} O-O {[%emt 0:00:00]} 13. Nc3 {[%emt 0:00:01]} Qb6 {[%emt 0:00:02]} 14. Be3 {[%emt 0:00:01]} Rad8 {[%emt 0:00:01]} 15. Bxb6 {[%emt 0:00:02]} axb6 {[%emt 0:00:00]} 16. Qc2 {[%emt 0:00:01]} Nb4 {[%emt 0:00:01]} 17. Qe4 {[%emt 0:00:01]} Nc6 {[%emt 0:00:01]} 18. Qxc4 {[%emt 0:00:02]} Na5 {[%emt 0:00:04]} 19. Qh4 {[%emt 0:00:01]} f5 {[%emt 0:00:03]} 20. Rad1 {[%emt 0:00:01]} Bf6 {[%emt 0:00:01]} 21. Ng5 {[%emt 0:00:01]} h5 {[%emt 0:00:03]} 22. b4 {[%emt 0:00:03]} Nc6 {[%emt 0:00:01]} 23. Ne2 {[%emt 0:00:01]} Ne5 {[%emt 0:00:02]} 24. Nf4 {[%emt 0:00:01]} Nf7 {[%emt 0:00:01]} 25. Nfh3 {[%emt 0:00:02]} Bc6 {[%emt 0:00:02]} 26. Bxc6 {[%emt 0:00:01]} bxc6 {[%emt 0:00:01]} 27. f4 {[%emt 0:00:01]} Rde8 {[%emt 0:00:01]} 28. Kg2 {[%emt 0:00:01]} Re7 {[%emt 0:00:02]} 29. g4 {[%emt 0:00:00]} fxg4 {[%emt 0:00:01]} 30. Ng1 {[%emt 0:00:00]} Bxg5 {[%emt 0:00:01]} 31. fxg5 {[%emt 0:00:01]} Ne5 {[%emt 0:00:01]} 32. Rf1 {[%emt 0:00:01]} Nf3 {[%emt 0:00:01]} 33. Nxf3 {[%emt 0:00:01]} gxf3+ {[%emt 0:00:00]} 34. Rxf3 {[%emt 0:00:00]} Rxf3 {[%emt 0:00:00]} 35. Kxf3 {[%emt 0:00:00]} Rf7+ {[%emt 0:00:00]} 36. Kg3 {[%emt 0:00:00]} Rf5 {[%emt 0:00:01]} 37. Qd4 {[%emt 0:00:01]} Kf7 {[%emt 0:00:00]} 38. h4 {[%emt 0:00:01]} Rd5 {[%emt 0:00:01]} 39. Qxd5 {[%emt 0:00:01]} exd5 {[%emt 0:00:01]} 40. a4 {[%emt 0:00:00]} Ke6 {[%emt 0:00:00]} 41. a5 {[%emt 0:00:00]} bxa5 {[%emt 0:00:00]} 42. bxa5 {[%emt 0:00:00]} d4 {[%emt 0:00:00]} 43. a6 {[%emt 0:00:00]} d3 {[%emt 0:00:00]} 44. a7 {[%emt 0:00:00]} Kd5 {[%emt 0:00:00]} 45. a8=Q {[%emt 0:00:00]} Kd4 {[%emt 0:00:01]} 46. Qxc6 {[%emt 0:00:01]} Ke3 {[%emt 0:00:01]} 47. Qc3 {[%emt 0:00:01]} Ke4 {[%emt 0:00:01]} 48. Qxd3+ {[%emt 0:00:00]} Ke5 {[%emt 0:00:00]} 49. Qd5# {[%emt 0:00:00] (Lag: Av=0.49s, max=1.0s)} 1-0

[Event "Stay Safe Play From Home 263"]
[Site "Emanuel Lasker Arena"]
[Date "2020.06.29"]
[Round "9"]
[White "Weltszmerc"]
[Black "Lamborghini"]
[Result "0-1"]
[WhiteElo "2152"]
[BlackElo "2288"]
[Annotator "TA"]
[PlyCount "124"]
[EventDate "2020.06.29"]
[EventType "swiss (blitz)"]

{[%evp 15,123,38,59,-95,-95,-122,-133,-259,-274,-331,-210,-212,-195,-592,-256,-481,-476,-1084,-657,-884,-876,-1446,-1450,-1419,-1418,-1428,-1262,-1375,-1258,-1332,-1323,-1364,-1342,-1490,-1478,-1693,-1673,-1678,-1577,-1693,-1670,-2393,-2304,-29989,-2601,-29989,-29985,-29985,-29986,-29986,-29986,-29985,-29986,-29991,-29991,-29991,-29991,-29996,-29986,-29985,-29986,-29989,-29990,-29984,-5204,-29982,-29982,-29990,-29988,-29988,-29989,-29989,-29990,-29990,-29988,-29991,-29984,-29984,-29985,-29985,-29986,-29986,-29987,-29989,-29990,-29990,-29991,-29992,-29993,-29993,-29994,-29996,-29995,-29997,-29996,-29996,-29994,-29994,-29994,-29994,-29994,-29995,-29995,-29996,-29997,-29997,-29997,-29998,-29999,-29999]} 1. d4 Nf6 2. c4 g6 3. Nf3 Bg7 4. g3 O-O 5. Bg2 d6 6. O-O c6 7. Nc3 Qa5 8. Bd2 Qh5 {8...Qa6 is the modern continuation.} 9. h3 $2 {E62: King's Indian: Fianchetto: 6...c6 and Panno Variation (6...Nc6) without ...a6.} (9. Qb3 $14 {keeps the upper hand.}) 9... Bxh3 $17 {[#]} 10. e4 $146 ({Predecessor:} 10. Bxh3 Qxh3 11. Ng5 Qg4 12. Nf3 Nh5 13. Kh2 Nd7 14. e4 f5 15. Ng5 Qxd1 16. Raxd1 fxe4 17. Ncxe4 {0-1 (30) Caton,S (1605)-Varona Thomas,M (1775) Baku 2016}) 10... Bg4 11. Be3 (11. Qe2 $17) 11... Nbd7 $19 12. Rc1 e5 13. d5 c5 {...Ne8 is the strong threat.} 14. Nb5 $2 (14. Qe2) 14... Ne8 (14... Nxe4 $142 15. Nc7 Rac8) 15. Qe2 $2 (15. Bd2 {was the only chance.}) 15... f5 16. exf5 (16. Bd2 $142 fxe4 17. Qxe4 Bxf3 18. Bxf3 Qxf3 19. Nc3) 16... Rxf5 {Hoping for ...e4.} 17. Bd2 Rxf3 18. Bxf3 Bxf3 19. Qxf3 Qxf3 20. Rc3 Qf7 21. Kg2 a6 22. Na3 Ndf6 23. Rf3 Qd7 24. Bg5 b5 25. b3 e4 26. Re3 h6 27. Bxf6 Nxf6 28. Rfe1 Qf5 29. Nc2 {[#]} bxc4 (29... Ng4 $142 $1 30. R3e2 Bc3 31. b4 bxc4 32. bxc5 Qf3+ 33. Kh3 Bxe1 34. Rxe1 Qf5 35. Rxe4 {[%mdl 64] Remove Defender} Qxe4 36. f3 Qxf3 37. Kh4 Nf2 38. cxd6 Qh5#) 30. bxc4 Rb8 31. R1e2 Rb2 32. Ne1 Rxe2 33. Rxe2 g5 34. Nc2 Ng4 35. Kg1 Ne5 36. Ne3 Nf3+ 37. Kg2 Qe5 38. Ng4 Qa1 39. Rxe4 Ne5 (39... Nd2 $142 40. Re3 Qf1+ 41. Kh2 h5 42. Rd3 Qxd3 43. Ne3 Bd4 44. g4 Bxe3 45. fxe3 Qe2+ {[%mdl 64] Double Attack} 46. Kh1 Nf3 47. gxh5 Qh2#) 40. Nxe5 Bxe5 {Black mates.} 41. f4 Qxa2+ 42. Kf3 Qb3+ 43. Kg4 gxf4 44. gxf4 Qc2 45. Kf5 Bxf4 46. Kxf4 {[#]} Qxe4+ $1 47. Kxe4 {[%mdl 4096] Endgame KP-KP} a5 48. Kf5 Kf7 49. Kg4 a4 50. Kh5 a3 51. Kxh6 {K3P-KPP} a2 52. Kg5 a1=Q 53. Kf5 Qd4 54. Kg5 Qxc4 55. Kf5 Qxd5+ 56. Kf4 Qd4+ 57. Kf3 Ke6 58. Ke2 Ke5 59. Ke1 Qb2 60. Kd1 Ke4 61. Ke1 Ke3 {[%csl Ge3][%cal Rb2e2]} 62. Kf1 Qf2# {White did not feel at home in the position after the opening. Accuracy: White = 22%, Black = 53%.} 0-1

[Event "Stay Safe Play From Home 263"]
[Site "Emanuel Lasker Arena"]
[Date "2020.06.29"]
[Round "9"]
[White "Lazieri3"]
[Black "GIULIO19031975"]
[Result "1-0"]
[WhiteElo "2082"]
[BlackElo "1799"]
[Annotator "NA"]
[PlyCount "61"]
[EventDate "2020.06.29"]
[EventType "swiss (blitz)"]

1. e4 {[%emt 0:00:02]} c5 {[%emt 0:00:00]} 2. Nc3 {[%emt 0:00:01]} e6 {[%emt 0:00:00]} 3. d3 {[%emt 0:00:00]} d5 {[%emt 0:00:00]} 4. Nf3 {[%emt 0:00:00]} d4 {[%emt 0:00:00]} 5. Ne2 {[%emt 0:00:02]} Nd7 {[%emt 0:00:00]} 6. Bg5 {[%emt 0:00:01]} Be7 {[%emt 0:00:00]} 7. Bxe7 {[%emt 0:00:01]} Qxe7 {[%emt 0:00:01]} 8. g3 {[%emt 0:00:00]} Ngf6 {[%emt 0:00:01]} 9. Bg2 {[%emt 0:00:00]} Nb6 {[%emt 0:00:01]} 10. O-O {[%emt 0:00:00]} e5 {[%emt 0:00:00]} 11. Nd2 {[%emt 0:00:02]} Bg4 {[%emt 0:00:01]} 12. f3 {[%emt 0:00:02]} Bh5 {[%emt 0:00:01]} 13. f4 {[%emt 0:00:01]} exf4 {[%emt 0:00:01]} 14. Rxf4 {[%emt 0:00:02]} Bxe2 {[%emt 0:00:01]} 15. Qxe2 {[%emt 0:00:01]} O-O {[%emt 0:00:01]} 16. Raf1 {[%emt 0:00:01]} Nfd7 {[%emt 0:00:01]} 17. Nf3 {[%emt 0:00:02]} Ne5 {[%emt 0:00:01]} 18. Nxe5 {[%emt 0:00:01]} Qxe5 {[%emt 0:00:01]} 19. Rf5 {[%emt 0:00:00]} Qe7 {[%emt 0:00:01]} 20. e5 {[%emt 0:00:01]} Nd7 {[%emt 0:00:01]} 21. Bxb7 {[%emt 0:00:03]} Rab8 {[%emt 0:00:01]} 22. Bd5 {[%emt 0:00:01]} Nb6 {[%emt 0:00:01]} 23. Bxf7+ {[%emt 0:00:02]} Kh8 {[%emt 0:00:01]} 24. e6 {[%emt 0:00:01]} c4 {[%emt 0:00:03]} 25. Rh5 {[%emt 0:00:01]} Rxf7 {[%emt 0:00:04]} 26. Rxf7 {[%emt 0:00:08]} Qd6 {[%emt 0:00:09]} 27. Rg5 {[%emt 0:00:06]} Rg8 {[%emt 0:00:02]} 28. e7 {[%emt 0:00:03]} Qh6 {[%emt 0:00:03]} 29. e8=Q {[%emt 0:00:04]} Qxg5 {[%emt 0:00:05]} 30. Qxg8+ {[%emt 0:00:01]} Kxg8 {[%emt 0:00:01]} 31. Qe8# {[%emt 0:00:00] (Lag: Av=1.38s, max=10.1s)} 1-0

[Event "Stay Safe Play From Home 263"]
[Site "Emanuel Lasker Arena"]
[Date "2020.06.29"]
[Round "9"]
[White "Tumnik_ad"]
[Black "Klasman"]
[Result "1-0"]
[WhiteElo "1983"]
[BlackElo "1295"]
[Annotator "NA"]
[PlyCount "59"]
[EventDate "2020.06.29"]
[EventType "swiss (blitz)"]

1. c3 {[%emt 0:00:02]} f5 {[%emt 0:00:01]} 2. d3 {[%emt 0:00:00]} Nf6 {[%emt 0:00:01]} 3. Nd2 {[%emt 0:00:00]} e5 {[%emt 0:00:01]} 4. h3 {[%emt 0:00:04]} d5 {[%emt 0:00:01]} 5. g4 {[%emt 0:00:00]} fxg4 {[%emt 0:00:02]} 6. Bg2 {[%emt 0:00:00]} gxh3 {[%emt 0:00:02]} 7. Nxh3 {[%emt 0:00:00]} Bxh3 {[%emt 0:00:01]} 8. Nf1 {[%emt 0:00:00]} Bxg2 {[%emt 0:00:02]} 9. Rg1 {[%emt 0:00:01]} Bxf1 {[%emt 0:00:01]} 10. Rxf1 {[%emt 0:00:00]} Bd6 {[%emt 0:00:03]} 11. Bg5 {[%emt 0:00:01]} O-O {[%emt 0:00:01]} 12. Rg1 {[%emt 0:00:01]} Qe7 {[%emt 0:00:03]} 13. Qb3 {[%emt 0:00:01]} c6 {[%emt 0:00:02]} 14. e4 {[%emt 0:00:01]} Na6 {[%emt 0:00:04]} 15. O-O-O {[%emt 0:00:02]} Nc5 {[%emt 0:00:01]} 16. Qc2 {[%emt 0:00:02]} dxe4 {[%emt 0:00:02]} 17. dxe4 {[%emt 0:00:00]} Ncxe4 {[%emt 0:00:01]} 18. Bh4 {[%emt 0:00:11]} Nh5 {[%emt 0:00:03]} 19. Bxe7 {[%emt 0:00:03]} Bxe7 {[%emt 0:00:02]} 20. Qxe4 {[%emt 0:00:01]} Nf6 {[%emt 0:00:03]} 21. Qxe5 {[%emt 0:00:02]} Rae8 {[%emt 0:00:04]} 22. Qe6+ {[%emt 0:00:01]} Kh8 {[%emt 0:00:02]} 23. Qh3 {[%emt 0:00:00]} Ne4 {[%emt 0:00:04]} 24. Qg2 {[%emt 0:00:01]} Bf6 {[%emt 0:00:02]} 25. f3 {[%emt 0:00:02]} Bg5+ {[%emt 0:00:03]} 26. Kb1 {[%emt 0:00:03]} Nd2+ {[%emt 0:00:01]} 27. Rxd2 {[%emt 0:00:02]} Bxd2 {[%emt 0:00:01]} 28. Qxd2 {[%emt 0:00:00]} Rxf3 {[%emt 0:00:01]} 29. Qd7 {[%emt 0:00:04]} Ref8 {[%emt 0:00:01]} 30. Qxg7# {[%emt 0:00:02] (Lag: Av=0.43s, max=0.6s)} 1-0